000 00348pam a2200133 a 4500
020 _c
041 _h
082 _a050
_bSHA
100 _aShadbolt Niyel ,
_eAuthor .
245 _aIntelligent Systems Journal Jan Dec 2004 Vol - 19
_hBound Volumes
260 _a[s.l]:
_bIEEE Computer Society ,
_c2004.
300 _a0:
_bHb;
_c28*20.
930 _a15955
999 _c59176
_d59176